书目信息 |
| 题名: |
紫禁城帝后生活
|
|
| 作者: | ;故宫博物院 , 中国旅游出版社 编 | |
| 分册: | ||
| 出版信息: | 北京 中国旅游出版社 1981 |
|
| 页数: | 120页 | |
| 开本: | 39cm | |
| 丛书名: | ||
| 单 册: | ||
| 中图分类: | K249.06 , J421 | |
| 科图分类: | ||
| 主题词: | 史料--中国--清代 , 摄影艺术--中国 | |
| 电子资源: | ||
| ISBN: | ||
| 000 | 00737nam0 2200253 450 | |
| 001 | 1570718485 | |
| 005 | 20150131193936.90 | |
| 010 | @b精装@dCNY23.00 | |
| 091 | @a8179.079 | |
| 100 | @a19950413d1981 em y0chiy0110 ea | |
| 101 | 0 | @achi |
| 102 | @aCN@b110000 | |
| 105 | @ay z 000yy | |
| 200 | 1 | @a紫禁城帝后生活@9zi jin cheng di hou sheng huo@e1644-1911@f故宫博物院,中国旅游出版社编 |
| 210 | @a北京@c中国旅游出版社@d1981 | |
| 215 | @a120页@d39cm | |
| 606 | 0 | @a史料@y中国@z清代 |
| 606 | 0 | @a摄影艺术@x中国 |
| 690 | @aK249.06@v5 | |
| 690 | @aJ421@v4 | |
| 711 | 02 | @a故宫博物院@9gu gong bo wu yuan@4编 |
| 711 | 02 | @a中国旅游出版社@9zhong guo lu you chu ban she@4编 |
| 801 | 0 | @aCN@bTSSF@c20150131 |
| 905 | @aZUCC@dJ421@eJY32 | |
| 紫禁城帝后生活:1644-1911/故宫博物院,中国旅游出版社编.-北京:中国旅游出版社,1981 |
| 120页;39cm |
| ISBN (精装):CNY23.00 |
| ● |
| 相关链接 |
|
|
|
|
正题名:紫禁城帝后生活
索取号:J421/JY32
 
预约/预借
| 序号 | 登录号 | 条形码 | 馆藏地/架位号 | 状态 | 备注 |
| 1 | 7863303 | 278633034 | 学院路分馆/ [索取号:J421/JY32] | 在馆 |